Jockeys in Minecraft - Statistics

General Stats
  • This quiz has been taken 30 times
  • The average score is 29 of 115
Answer Stats
Type of Jockey % Correct
Chicken Jockey
100%
Chicken Jockey
35%
Chicken Jockey
35%
Chicken Jockey
35%
Chicken Jockey
29%
Chicken Jockey
29%
Chicken Jockey
29%
Chicken Jockey
29%
Chicken Jockey
29%
Chicken Jockey
29%
Chicken Jockey
29%
Chicken Jockey
29%
Chicken Jockey
29%
Chicken Jockey
29%
Chicken Jockey
29%
Chicken Jockey
29%
Chicken Jockey
29%
Chicken Jockey
29%
Chicken Jockey
29%
Chicken Jockey
24%
Chicken Jockey
24%
Chicken Jockey
24%
Chicken Jockey
24%
Chicken Jockey
24%
Chicken Jockey
24%
Chicken Jockey
24%
Chicken Jockey
24%
Chicken Jockey
24%
Chicken Jockey
24%
Chicken Jockey
24%
Chicken Jockey
24%
Chicken Jockey
24%
Chicken Jockey
24%
Chicken Jockey
24%
Chicken Jockey
24%
Chicken Jockey
24%
Chicken Jockey
24%
Chicken Jockey
24%
Chicken Jockey
24%
Chicken Jockey
24%
Chicken Jockey
24%
Chicken Jockey
24%
Chicken Jockey
24%
Chicken Jockey
24%
Chicken Jockey
24%
Chicken Jockey
24%
Chicken Jockey
24%
Chicken Jockey
24%
Chicken Jockey
24%
Chicken Jockey
24%
Chicken Jockey
24%
Chicken Jockey
24%
Chicken Jockey
24%
Chicken Jockey
24%
Chicken Jockey
24%
Chicken Jockey
24%
Chicken Jockey
24%
Chicken Jockey
24%
Chicken Jockey
24%
Chicken Jockey
24%
Chicken Jockey
24%
Chicken Jockey
24%
Chicken Jockey
24%
Chicken Jockey
24%
Chicken Jockey
24%
Chicken Jockey
24%
Chicken Jockey
24%
Chicken Jockey
24%
Chicken Jockey
24%
Chicken Jockey
24%
Chicken Jockey
24%
Chicken Jockey
24%
Chicken Jockey
24%
Chicken Jockey
24%
Chicken Jockey
24%
Chicken Jockey
24%
Chicken Jockey
24%
Chicken Jockey
24%
Chicken Jockey
24%
Chicken Jockey
24%
Chicken Jockey
24%
Chicken Jockey
24%
Chicken Jockey
24%
Chicken Jockey
24%
Chicken Jockey
24%
Chicken Jockey
24%
Chicken Jockey
24%
Chicken Jockey
24%
Chicken Jockey
24%
Chicken Jockey
24%
Chicken Jockey
24%
Chicken Jockey
24%
Chicken Jockey
24%
Chicken Jockey
24%
Chicken Jockey
24%
Chicken Jockey
24%
Chicken Jockey
24%
Chicken Jockey
24%
Chicken Jockey
24%
Chicken Jockey
24%
Chicken Jockey
24%
Chicken Jockey
24%
Chicken Jockey
24%
Chicken Jockey
24%
Chicken Jockey
24%
Chicken Jockey
24%
Chicken Jockey
24%
Chicken Jockey
24%
Chicken Jockey
24%
Chicken Jockey
24%
Chicken Jockey
24%
Chicken Jockey
24%
Chicken Jockey
24%
Chicken Jockey
24%
Chicken Jockey
24%
No matching quizzes found
Score Distribution
Percent of People with Each Score
Percentile by Number Answered
Your Score History
You have not taken this quiz